[Event "AUTO-INT-2459"]
[Site "http://www.queenalice.com/game.php?id=1111638"]
[Date "2012.10.12"]
[Round "1"]
[White "henrique16"]
[Black "kumite"]
[Result "1-0"]
[WhiteElo "1494"]
[BlackElo "1347"]

1. e3 g6 2. c3 Bg7 3. d4 b6 4. Qf3 c6 5. Bc4 Nh6 6. g4 d5 7. Bb3 Nxg4 8. Nd2 b5
9. a3 a5 10. e4 a4 11. Bc2 dxe4 12. Qxe4 O-O 13. h4 Nd7 14. Qxg4 Nc5 15. Qf3 Ne6
16. Qxc6 Bb7 17. Qxb5 1-0

[Event "AUTO-INT-2462"]
[Site "http://www.queenalice.com/game.php?id=1113125"]
[Date "2012.10.16"]
[Round "1"]
[White "kumite"]
[Black "rodrigohuii"]
[Result "0-1"]
[WhiteElo "1488"]
[BlackElo "1603"]

1. g3 d5 2. Bg2 e5 3. b3 Be6 4. Nh3 Qd7 5. Bb2 Bxh3 6. Bxh3 Qxh3 7. Bxe5 f6 8.
Bb2 Qg2 9. Rf1 Bc5 10. c3 Qxh2 11. e3 Nc6 12. c4 O-O-O 13. Nc3 d4 14. Nb5 dxe3
15. a3 exf2+ 16. Ke2 Qxg3 17. Nc3 Nd4# 0-1

[Event "AUTO-INT-2462"]
[Site "http://www.queenalice.com/game.php?id=1113126"]
[Date "2012.10.16"]
[Round "1"]
[White "rodrigohuii"]
[Black "kumite"]
[Result "1-0"]
[WhiteElo "1610"]
[BlackElo "1311"]

1. e4 g6 2. d4 Bg7 3. Be3 Nh6 4. Qc1 b6 5. Bxh6 Bxh6 6. Qxh6 Bb7 7. Qg7 Rf8 8.
d5 d6 9. Qxh7 Nd7 10. Bb5 a6 11. Bc6 Rb8 12. Qh3 e6 13. Bxd7+ Qxd7 14. Nf3 a5
15. O-O exd5 16. Qxd7+ Kxd7 17. exd5 Bxd5 18. Nbd2 f5 19. Ng5 Rh8 20. Rad1 Rbe8
21. c4 Bxc4 22. Nxc4 f4 23. Nf7 Rhf8 24. Nfe5+ Kc8 25. Nxg6 Rg8 26. Nxf4 Rd8 27.
Nd5 b5 28. Nxa5 Rd7 29. Nf6 Rdg7 30. Nxg8 Rxg8 31. Rfe1 Kd7 32. Re5 Rf8 33. Nb7
Kc8 34. Nxd6+ cxd6 35. Rc1+ 1-0

[Event "AUTO-INT-2462"]
[Site "http://www.queenalice.com/game.php?id=1113127"]
[Date "2012.10.16"]
[Round "1"]
[White "kumite"]
[Black "leospirandio"]
[Result "1-0"]
[WhiteElo "1444"]
[BlackElo "1245"]

1. g3 b6 2. Bg2 d5 3. b3 g6 4. Bb2 Nf6 5. a4 Bg7 6. b4 Nh5 7. Bxg7 Nxg7 8. c4
Bb7 9. cxd5 Bxd5 10. e4 Bb7 11. Nh3 f5 12. Ng5 fxe4 13. Nxe4 O-O 14. O-O e6 15.
a5 bxa5 16. Rxa5 a6 17. Re1 Bxe4 18. Bxe4 Ra7 19. b5 c5 20. b6 Qxb6 21. Ra4 c4
22. Rxc4 1-0

[Event "AUTO-INT-2462"]
[Site "http://www.queenalice.com/game.php?id=1113128"]
[Date "2012.10.16"]
[Round "1"]
[White "leospirandio"]
[Black "kumite"]
[Result "0-1"]
[WhiteElo "1254"]
[BlackElo "1435"]

1. e3 g6 2. b3 Bg7 3. d4 b6 4. Bb2 Bb7 5. Nf3 c5 6. dxc5 bxc5 7. Bxg7 Nh6 8.
Bxh8 f6 9. Bg7 Nf5 10. Bh8 Kf7 11. Nc3 Qxh8 12. Nb5 Qc8 13. g4 Nh6 14. g5 Nf5
15. gxf6 exf6 16. Rg1 Bc6 17. a4 a6 18. Nc3 d6 19. e4 Nd4 20. Nxd4 Nd7 21. Nxc6
Qxc6 0-1

[Event "AUTO-INT-2462"]
[Site "http://www.queenalice.com/game.php?id=1113129"]
[Date "2012.10.16"]
[Round "1"]
[White "kumite"]
[Black "TomBishop"]
[Result "0-1"]
[WhiteElo "1455"]
[BlackElo "1648"]

1. g3 e5 2. Bg2 d5 3. b3 Nf6 4. Bb2 d4 5. d3 Nc6 6. a4 Bb4+ 7. c3 dxc3 8. Bxc3
Bxc3+ 9. Nxc3 Ng4 10. Bf3 Nxf2 11. Kxf2 Qd4+ 12. Kg2 Qxc3 13. Rc1 Qd4 14. Rc4
Qb6 15. b4 Nxb4 16. a5 Qxa5 17. Re4 O-O 18. Nh3 Bxh3+ 19. Kxh3 f5 20. Rh4 g5 21.
Rh5 g4+ 22. Bxg4 fxg4+ 23. Kxg4 Nd5 24. Kh3 Nf6 25. Rg5+ Kh8 26. Rf1 Qd5 27. e4
Qe6+ 28. Kg2 Rg8 29. Rgf5 Raf8 30. Qa1 Nxe4 31. dxe4 Rxf5 32. exf5 Qd5+ 33. Kg1
Qd4+ 34. Rf2 Qxa1+ 35. Kg2 e4 36. f6 e3 37. Re2 Qd1 38. Kf3 Rf8 39. g4 Rxf6+ 40.
Kxe3 Re6+ 41. Kf2 Qxe2+ 42. Kg3 c5 43. h3 c4 44. Kh4 Rh6+ 45. Kg5 Qe3+ 46. Kf5
Qe6+ 47. Kf4 c3 48. h4 c2 49. Kg3 c1=Q 50. g5 Qce1+ 51. Kf3 Q1e3+ 52. Kg2 Qg4+
53. Kf1 Qgg1# 0-1

[Event "AUTO-INT-2462"]
[Site "http://www.queenalice.com/game.php?id=1113130"]
[Date "2012.10.16"]
[Round "1"]
[White "TomBishop"]
[Black "kumite"]
[Result "1-0"]
[WhiteElo "1638"]
[BlackElo "1477"]

1. e4 g6 2. d4 Bg7 3. Nf3 b6 4. Nc3 Bb7 5. d5 a5 6. Bb5 c6 7. dxc6 Bxc6 8. Bxc6
Nxc6 9. Bf4 b5 10. Nxb5 d6 11. e5 dxe5 12. Qxd8+ Rxd8 13. Nc7+ Kd7 14. Nxe5+
Kxc7 15. Nxf7+ e5 16. Nxd8 Kxd8 17. Bd2 Nge7 18. O-O-O Ke8 19. Rhe1 Nb4 20. Bxb4
axb4 21. Re4 Kf7 22. Rxb4 Rc8 23. Rd7 e4 24. Rxe4 Re8 25. a4 Bf6 26. a5 Bg5+ 27.
Kb1 h5 28. a6 Ra8 29. b4 Rxa6 30. c4 Ra4 31. b5 Rb4+ 32. Kc2 Ke8 33. Rd5 Ra4 34.
Rxg5 Ra2+ 35. Kd3 Ra3+ 36. Kd4 Ra2 37. b6 Rd2+ 38. Kc5 Rxf2 39. b7 Rb2 40. Rxe7+
Kxe7 41. Kc6 Kf6 42. Rb5 Rxg2 43. b8=Q Rxh2 44. Qe5+ Kf7 45. Rb7+ Kg8 46. Qe8#
1-0

[Event "Challenge"]
[Site "http://www.queenalice.com/game.php?id=1119377"]
[Date "2012.11.6"]
[Round "-"]
[White "fsamisch"]
[Black "kumite"]
[Result "0-1"]
[WhiteElo "914"]
[BlackElo "1435"]

1. e4 g6 2. d4 Bg7 3. Nf3 a5 4. Nc3 c6 5. Be3 b5 6. a3 a4 7. Bd3 e6 8. O-O Nf6
9. h3 O-O 10. Ng5 Na6 11. e5 Nh5 12. g4 b4 13. axb4 f5 14. gxh5 h6 15. Nf3 g5
16. Rxa4 Qe8 17. Nd2 Bb7 18. Nc4 d5 19. Nd6 Qd7 20. Qa1 f4 0-1

[Event "Challenge"]
[Site "http://www.queenalice.com/game.php?id=1119378"]
[Date "2012.11.6"]
[Round "-"]
[White "kumite"]
[Black "fsamisch"]
[Result "1-0"]
[WhiteElo "1437"]
[BlackElo "914"]

1. g3 d5 2. Bg2 Nf6 3. b3 e5 4. Bb2 Nc6 5. a4 Bc5 6. c3 a6 7. b4 Ba7 8. b5 axb5
9. axb5 Ne7 10. Qc2 Ng4 11. c4 Nxf2 12. c5 Nxh1 13. Bxh1 Bf5 14. Qc3 f6 15. c6
bxc6 16. bxc6 Bd4 17. Qc1 Rxa1 18. Bxa1 Bxa1 19. Na3 Bd4 20. Nf3 Qa8 21. Nb5 1-0

[Event "AUTO-OPEN-2836"]
[Site "http://www.queenalice.com/game.php?id=1119632"]
[Date "2012.11.6"]
[Round "1"]
[White "josebaron"]
[Black "kumite"]
[Result "1-0"]
[WhiteElo "1891"]
[BlackElo "1437"]

1. e4 g6 2. Bc4 Bg7 3. Nf3 a5 4. a4 d6 5. d3 c6 6. h3 d5 7. exd5 cxd5 8. Bb5+
Bd7 9. Bxd7+ Qxd7 10. d4 Nf6 11. O-O Nc6 12. c3 Ne4 13. Nbd2 Nxd2 14. Bxd2 b5
15. axb5 Na7 16. Rxa5 O-O 17. Qa4 e5 18. dxe5 Qc7 19. b3 Rae8 20. Rxa7 Qb8 21.
Re1 Qb6 22. Be3 Qb8 23. Bd4 Qd8 24. b6 Qb8 25. Bc5 Rc8 26. Bxf8 Bxf8 27. b7 Rd8
28. Ra8 Qxb7 29. Rxd8 h5 30. Qe8 d4 31. Qxf8+ Kh7 32. Qh8# 1-0

[Event "AUTO-OPEN-2836"]
[Site "http://www.queenalice.com/game.php?id=1119633"]
[Date "2012.11.6"]
[Round "1"]
[White "kumite"]
[Black "josebaron"]
[Result "0-1"]
[WhiteElo "1439"]
[BlackElo "2025"]

1. g3 e5 2. Bg2 Nf6 3. c3 Bc5 4. b4 Be7 5. a4 a5 6. b5 O-O 7. c4 c6 8. bxc6 dxc6
9. Nc3 Bc5 10. Nh3 Be6 11. Ng5 Bxc4 12. O-O Nd5 13. Be4 Nf6 14. Rb1 Bb4 15. Qc2
g6 16. d3 Bd5 17. Nd1 Bxe4 18. dxe4 Nbd7 19. Ne3 Qb6 20. Nc4 Qc7 21. Be3 c5 22.
Rb2 Nb6 23. Bxc5 Qxc5 24. Qc1 Qxc4 25. Rc2 Qb3 26. Rb2 Qxa4 27. Qc7 Qc6 28. Qxe5
Nc4 29. Qd4 Nxb2 30. e5 Bc3 31. Qf4 Nh5 32. Qh4 f6 33. exf6 Bxf6 34. g4 Bxg5 35.
Qxg5 Nf4 36. e3 Qg2# 0-1

[Event "AUTO-OPEN-2836"]
[Site "http://www.queenalice.com/game.php?id=1119658"]
[Date "2012.11.6"]
[Round "1"]
[White "jolrath"]
[Black "kumite"]
[Result "1-0"]
[WhiteElo "1347"]
[BlackElo "1470"]

1. d4 g6 2. c4 Bg7 3. e4 a5 4. f4 a4 5. Nc3 c6 6. Nxa4 b5 7. Nb6 Qxb6 8. Nf3
bxc4 9. Bxc4 Qb4+ 10. Nd2 Bxd4 11. a3 Qd6 12. Qf3 Nh6 13. f5 gxf5 14. exf5 f6
15. Qh5+ Nf7 16. Bxf7+ Kf8 17. Nc4 Qc5 18. Bh6# 1-0

[Event "AUTO-OPEN-2836"]
[Site "http://www.queenalice.com/game.php?id=1119659"]
[Date "2012.11.6"]
[Round "1"]
[White "kumite"]
[Black "jolrath"]
[Result "0-1"]
[WhiteElo "1323"]
[BlackElo "1416"]

1. g3 d5 2. Bg2 e5 3. e3 c5 4. a4 f5 5. a5 Nc6 6. c3 Nxa5 7. b4 Nc6 8. bxc5 Bxc5
9. Bb2 b5 10. Nf3 e4 11. Ng5 Qxg5 12. O-O a5 13. d4 Bd6 14. c4 bxc4 15. Nc3 Nb4
16. Nb5 Qe7 17. Nc3 Nd3 18. Qc2 Bd7 19. Nxd5 Qe6 20. Nb6 Rb8 21. d5 Qe7 22. Nxd7
Qxd7 23. Rxa5 Rxb2 0-1

[Event "AUTO-OPEN-2836"]
[Site "http://www.queenalice.com/game.php?id=1119676"]
[Date "2012.11.6"]
[Round "1"]
[White "kumite"]
[Black "saturnin"]
[Result "0-1"]
[WhiteElo "1387"]
[BlackElo "1541"]

1. g3 e6 2. Bg2 d5 3. a4 c5 4. c4 g6 5. cxd5 exd5 6. b3 Bg7 7. Ra2 Ne7 8. a5 O-O
9. Nc3 a6 10. Nb1 Nbc6 11. Ra4 Nb4 12. d3 b6 13. axb6 Qxb6 14. Be3 Bd7 15. Nf3
d4 16. Ng5 dxe3 17. fxe3 Rae8 18. Nc3 Bxc3+ 19. Kf2 f6 20. Ne4 Be5 21. Qd2 a5
22. Rc1 Bxa4 23. bxa4 Rc8 24. d4 cxd4 25. Kf1 dxe3 0-1

[Event "AUTO-OPEN-2836"]
[Site "http://www.queenalice.com/game.php?id=1119677"]
[Date "2012.11.6"]
[Round "1"]
[White "saturnin"]
[Black "kumite"]
[Result "1-0"]
[WhiteElo "1530"]
[BlackElo "1398"]

1. b4 g6 2. Bb2 f6 3. d4 a5 4. bxa5 Rxa5 5. Bc3 Ra8 6. e4 c6 7. g3 Bg7 8. Bg2 b5
9. Ne2 d6 10. O-O d5 11. a3 dxe4 12. Bxe4 c5 13. Bxa8 cxd4 14. Nxd4 Nh6 15. Bc6+
Nxc6 16. f3 Ne5 17. f4 Neg4 18. Re1 O-O 19. h3 Qb6 20. hxg4 Bxg4 21. a4 b4 22.
Qd2 bxc3 23. Nxc3 Nf5 24. Re4 Nxg3 25. Kg2 1-0

[Event "AUTO-INT-2478"]
[Site "http://www.queenalice.com/game.php?id=1119689"]
[Date "2012.11.6"]
[Round "1"]
[White "kumite"]
[Black "PROFALEXANDRE"]
[Result "0-1"]
[WhiteElo "1328"]
[BlackElo "1615"]

1. g3 e5 2. a4 d5 3. Bg2 Nc6 4. c3 Nf6 5. b4 a6 6. a5 h6 7. b5 axb5 8. d4 e4 9.
e3 Bg4 10. Qd2 Bd6 11. c4 bxc4 12. Nc3 Bb4 13. Ba3 Bxa5 14. Nge2 Bb4 15. Qc1
Bxc3+ 16. Nxc3 Qd7 17. Nb5 Bf3 18. O-O Bg4 19. h3 Be6 20. g4 O-O-O 21. Bc5 b6
22. Qa3 Qe8 23. Qa8+ Kd7 0-1

[Event "AUTO-INT-2478"]
[Site "http://www.queenalice.com/game.php?id=1119690"]
[Date "2012.11.6"]
[Round "1"]
[White "PROFALEXANDRE"]
[Black "kumite"]
[Result "1-0"]
[WhiteElo "1625"]
[BlackElo "1429"]

1. e4 g6 2. d4 Bg7 3. Nc3 a5 4. a4 c6 5. Nf3 Na6 6. Bxa6 Rxa6 7. O-O b5 8. axb5
cxb5 9. Nxb5 Nh6 10. h3 O-O 11. Bxh6 Bxh6 12. b4 Rb6 13. c4 Re6 14. e5 Ba6 15.
d5 Rb6 16. Rxa5 Bb7 17. Nbd4 Rxb4 18. Qe1 Rxc4 19. Rb5 d6 20. e6 f6 21. Rxb7 Rc1
22. Qe2 Qa8 23. Rxe7 1-0

[Event "AUTO-INT-2478"]
[Site "http://www.queenalice.com/game.php?id=1119691"]
[Date "2012.11.6"]
[Round "1"]
[White "kumite"]
[Black "Rijo"]
[Result "0-1"]
[WhiteElo "1449"]
[BlackElo "1551"]

1. g3 g5 2. Bg2 d5 3. d4 Bf5 4. a4 Nc6 5. c3 Nf6 6. b4 a6 7. Ba3 b5 8. a5 e5 9.
dxe5 Nxe5 10. Nh3 Qd7 11. Nxg5 Bh6 12. Nf3 Nc4 13. Nd4 Bxb1 14. Qxb1 Bd2+ 15.
Kf1 Bxc3 16. Ra2 Nd2+ 17. Ke1 Nxb1+ 18. Kf1 Bxd4 19. Bc1 Ne4 20. Bb2 Bxb2 21.
Rxb2 Nbd2+ 22. Ke1 Qc6 23. Bxe4 Qc1# 0-1

[Event "AUTO-INT-2478"]
[Site "http://www.queenalice.com/game.php?id=1119692"]
[Date "2012.11.6"]
[Round "1"]
[White "Rijo"]
[Black "kumite"]
[Result "1-0"]
[WhiteElo "1602"]
[BlackElo "1365"]

1. e4 g6 2. e5 Bg7 3. d4 c6 4. Bc4 b5 5. Bb3 Qa5+ 6. Bd2 b4 7. a3 c5 8. c3 Bb7
9. f3 cxd4 10. cxd4 Nh6 11. Bxb4 Qb5 12. Nd2 Nf5 13. Ne2 Ne3 14. Qc1 O-O 15. Qc7
Nxg2+ 16. Kd1 Ne3+ 17. Ke1 Ng2+ 18. Kd1 Qd3 19. Bc4 Ne3+ 20. Ke1 Nc2+ 21. Kf1
Ne3+ 22. Kf2 Nxc4 23. Qxb7 Nc6 24. Nxc4 Qxc4 25. Rac1 Qxd4+ 26. Nxd4 Nxd4 27.
Bxe7 Rab8 28. Qxd7 Rfe8 29. Rcd1 Rxb2+ 30. Ke3 Nf5+ 31. Ke4 1-0

[Event "AUTO-INT-2478"]
[Site "http://www.queenalice.com/game.php?id=1119694"]
[Date "2012.11.6"]
[Round "1"]
[White "SunKite"]
[Black "kumite"]
[Result "1-0"]
[WhiteElo "1641"]
[BlackElo "1437"]

1. e4 g6 2. Qf3 Bg7 3. Bc4 Nh6 4. d4 a5 5. Bxh6 O-O 6. Bxg7 Kxg7 7. h4 h5 8. Nh3
e6 9. Nc3 Qxh4 10. g3 Qe7 11. g4 hxg4 12. Qxg4 d5 13. Bd3 e5 14. Qg3 Rh8 15.
O-O-O exd4 16. Nxd5 Qc5 17. Qe5+ Kg8 18. Ne7+ Qxe7 19. Qxe7 Nc6 20. Qf6 Bg4 21.
Ng5 Nb4 22. Qxf7# 1-0